Score 0/26 Timer 04:00
1 Play Today
Hint Word % Correct
A quick and light sleepCatnap
88.2%
Middle Eastern country involved in the Gulf WarsIraq
88.3%
One who is obsessed with starting firesPyromaniac
87%
A bird living in the tropical rain forest with a large, colorful beakToucan
83.3%
A type of beetle worshiped by the ancient EgyptiansScarab
82.6%
A salad made from shredded cabbage and carrotsColeslaw
82.6%
Timon's best friendPumbaa
82.4%
The typically dark yellow/blue birthstone of NovemberTopaz
80.4%
A Japanese tradition of growing miniature trees in decorated containersBonsai
78.5%
MAGNARA, RNAGAAM, ARGANMA, etc.Anagram
77.6%
Mythological Greek titan who held the heavens on his shouldersAtlas
73.7%
A dish often made from ground beef, or a singer who would do almost anything for loveMeatloaf
73%
A secretion of the auditory canal; A.K.A. cerumenEarwax
71.4%
Hint Word % Correct
A member of the Indo-European speaking group with heritage in Russia, Ukraine, Serbia, Croatia, Czechia, etc.Slav
71.4%
An academic lecture or conferenceSeminar
70.5%
A college student in the Freshman through Senior yearsUndergrad
69.7%
A French word for a mansion-like house owned by the nobilityChateau
68.9%
A steep, jagged cliffCrag
68.4%
Relating to farming and cultivationAgricultural
67.1%
The juvenile forms of organisms that differ from their adult versions; the form of organisms before metamorphosisLarvae
64.2%
An outcastPariah
62.9%
To swell upBloat
47.3%
The term used to describe the time of Britain's rule in IndiaRaj
45.5%
A forced escape from a prison, or to alter the operating system of a device to gain useful features that wouldn't otherwise existJailbreak
44.7%
A Tony award winning musical, or a beauty productHairspray
41%
A small Caribbean island that forms part of the Dutch empireCuracao
35.9%

You're not logged in!

Compare scores with friends on all Sporcle quizzes.
OR
Log In

Sporcle TV

Today on Sporcle TV


Watch our educational content, quiz creation guides, and fun videos on Sporcle TV.

Show Comments

Extras

Top Quizzes Today


Score Distribution

Paid Content

Your Account Isn't Verified!

In order to create a playlist on Sporcle, you need to verify the email address you used during registration. Go to your Sporcle Settings to finish the process.

Report this User

Report this user for behavior that violates our Community Guidelines.

Details: